000 00241 a2200097 4500
001 48342
100 _aMulla, D.F
245 _aThe elementary theory of the internal combustion engine
260 _aLondon
_bBlackie
_c
090 _c31286
_d31286
942 _aNUST-CAE
_cM
_c23654
999 _c283415
_d283415